000 00567nam a2200193Ia 4500
005 20250508170154.0
008 008 250505s9999 xx 000 0 hin d
037 _aTheses
040 _aFEDL
_beng
_cFEDL
041 _ahin
_2eng
084 _a376, YAD/TH
_qFEDL
100 _aYadav Santosh
_9780151
245 0 _aShikshit stree ke mayane aur uske samanantar samvaad: Ek etihasik adhyayan
260 _c2022
300 _a231p.
546 _aPh.D. Thesis (Delhi University); C D Included
942 _cTH
_h376, YAD/TH
999 _c1399615
_d1399615